ბათუმის შოთა რუსთაველის სახელმწიფო უნივერსიტეტის ბიბლიოთეკა

მცენარეთა ინტროდუქცია და მწვანე მშენებლობა (ბიბ.ჩანაწერი № 44530)

000 -LEADER
fixed length control field 00828nam a2200193Ia 4500
001 - CONTROL NUMBER
control field 11333
003 - CONTROL NUMBER IDENTIFIER
control field GE_BSU
008 - FIXED-LENGTH DATA ELEMENTS--GENERAL INFORMATION
fixed length control field 181216s||||||||xx |||||||||||||| ||und||
040 ## - CATALOGING SOURCE
Transcribing agency GE_BSU
080 ## - UNIVERSAL DECIMAL CLASSIFICATION NUMBER
Universal Decimal Classification number 581.522.4
245 ## - TITLE STATEMENT
Title მცენარეთა ინტროდუქცია და მწვანე მშენებლობა
245 ## - TITLE STATEMENT
Statement of responsibility, etc. რედ: ჯ. კერესელიძე, რედკოლეგია მ.ლორია, თ ჭკუასელი, მ. გვრიტიშვილი და სხვ.
260 ## - PUBLICATION, DISTRIBUTION, ETC.
Place of publication, distribution, etc. თბილისი
260 ## - PUBLICATION, DISTRIBUTION, ETC.
Name of publisher, distributor, etc. მეცნიერება
260 ## - PUBLICATION, DISTRIBUTION, ETC.
Date of publication, distribution, etc. 2000
300 ## - PHYSICAL DESCRIPTION
Extent 299გვ.20სმ.
653 ## - INDEX TERM--UNCONTROLLED
Uncontrolled term მცენარეთა ინტროდუქცია და მწვანე მშენებლობა
942 ## - ADDED ENTRY ELEMENTS (KOHA)
Koha item type წიგნი
ეგზემპლარები
Withdrawn status Lost status Damaged status Not for loan Date acquired Barcode Date last seen Price effective from Koha item type
        2018-12-17 19731 2018-12-17 2018-12-17 წიგნი